Famous Speeches of the World/ (Record no. 208694)

MARC details
000 -LEADER
fixed length control field 00575nam a22001937a 4500
005 - DATE AND TIME OF LATEST TRANSACTION
control field 20250123151502.0
010 ## - LCCN (DPL NO)
LC control number ENG-142628
020 ## - INTERNATIONAL STANDARD BOOK NUMBER
International Standard Book Number 9789380920108
Terms of availability 495.00
035 ## - SYSTEM CONTROL NUMBER
System control number EN-126160
037 ## - SOURCE OF ACQUISITION
Source of stock number/acquisition DBAD
082 ## - DEWEY DECIMAL CLASSIFICATION NUMBER
Classification number 370.1
100 ## - MAIN ENTRY--PERSONAL NAME
Personal name Gupta, Kavita
245 ## - TITLE STATEMENT
Title Famous Speeches of the World/
Statement of responsibility, etc by Kavita Gupta (
250 ## - EDITION STATEMENT
Edition statement 1
260 ## - PUBLICATION, DISTRIBUTION, ETC. (IMPRINT)
Place of publication, distribution, etc New Delhi
Date of publication, distribution, etc 2013
Name of publisher, distributor, etc Sunshine Books
270 ## - ADDRESS
Address 4760-4761, 2nd Floor, 23 Ansari Road, Daryaganj
City New Delhi
Postal code 110002
300 ## - PHYSICAL DESCRIPTION
Extent 200p.
Dimensions 22cm, (Hb)
Accompanying material b&w photos
942 ## - ADDED ENTRY ELEMENTS (KOHA)
Source of classification or shelving scheme Dewey Decimal Classification
Item type English Books
Classification part 370.1
Call number suffix GUP
Holdings
Withdrawn status Lost status Not for loan Collection code Home library Current library Date acquired Source of acquisition Cost, normal purchase price Full call number Barcode Copy number Cost, replacement price Koha item type
      Non-fiction Ashok Vihar Ashok Vihar 23/01/2025 Delivery of Books Act Division 495.00 370.1 GUP EN-126160 1 495.00 English Books

© Delhi Public Library
Hit Counter
free hit counter